000 01022pam a2200349 4500
001 data
005 20260322212104.0
008 data
035 _a2669344
906 _a7
_bcbc
_corignew
_d1
_eocip
_f19
_gy-gencatlg
010 _a 73020037
020 _a0070224250
020 _a9780070224254
035 _9(DLC) 73020037
040 _aDLC
_cDLC
_dDLC
050 0 0 _aRA651
_b.F68
060 _aWA100 F911p 1974
082 0 0 _a614.4
100 1 _aFriedman, Gary D.,
_d1934-
245 1 0 _aPrimer of epidemiology
_c[by] Gary D. Friedman.
260 _aNew York,
_bMcGraw-Hill
_c[1974]
300 _ax, 230 p.
_billus.
_c22 cm.
336 _atext
_btxt
_2rdacontent
337 _aunmediated
_bn
_2rdamedia
338 _avolume
_bnc
_2rdacarrier
500 _a"A Blakiston publication."
504 _aIncludes bibliographies.
650 0 _aEpidemiology.
650 2 _aEpidemiology.
991 _bc-GenColl
_hRA651
_i.F68
_tCopy 1
_wBOOKS
999 _c1528
_d1528